El caracol.

Gespeichert in:
Bibliographische Detailangaben
1. Verfasser: Latorre Court, Mariano 1886-1955
Format: Buch
Sprache:Englisch
Veröffentlicht: Santiago, Chile: Sociedad de Bibliófilos Chilenos; Universitaria, 1988.
Schlagworte:
Tags: Tag hinzufügen
Keine Tags, Fügen Sie den ersten Tag hinzu!

MARC

LEADER 00000nam a22000007a 4500
003 CL-VaPUC
005 20220822114421.0
008 220222t1988 ||||| |||| 00| 0 eng d
999 |c 434462  |d 434460 
040 |c Pontificia Universidad Católica de Valparaíso 
082 |a Ch863 LAT 1988  |2 22 
100 |a Latorre Court, Mariano  |9 860097  |d 1886-1955 
245 |a El caracol.  
260 |a Santiago, Chile:  |b Sociedad de Bibliófilos Chilenos;  |b Universitaria,   |c 1988.  
300 |a 40 páginas.  
500 |a c.1 Donación Familia Prof. Alejandro Guzmán Brito. 
583 |c 20220222  |k Yessy Stephany Diaz Vidal 
650 0 |a Cuentos chilenos   |9 308280 
942 |2 ddc  |c BK  |n 0